Les pires joueurs de l'OM depuis 2010 - Statistiques

Statistiques générales
  • Ce quiz a été pris 427 fois
    367 depuis la dernière actualisation
  • Le résultat moyen est 6 sur 15
Statistiques - réponses
Poste Nationalité Joueur % Correct
BU Grecque Kostas Mitroglou
90%
DC Portugal Rolando
59%
DC Brésilien Matheus Doria
55%
DC Tunisien Aymen Abdennour
49%
DC Néerlandais/Tunisien Karim Rekik
47%
DC Slovaque Thomas Hubocan
44%
DC/MDC Français/Croate Grégory Sertic
38%
DG Camerounais Henri Bedimo
37%
DG Français Patrice Evra
36%
MOC Marocain Abdelaziz Barrada
32%
MC Brésilien Lucas Silva
28%
MOC Algérienne Foued Kadir
11%
DG Japonais Yuto Nagatomo
11%
MC Français Abou Diaby
10%
AG/AD Sénégalais Modou Sougou
6%
Aucun quiz correspondant
Distribution des résultats
% des personnes avec chaque résultat
Percentile par nombre de réponses
Votre historique - résultats
Vous n’avez pas pris ce quiz depuis la dernière actualisation